Mi abuelo Moctezuma / (Registro nro. 937)
[ vista simple ]
| 000 -LEADER | |
|---|---|
| fixed length control field | 01313nam a22002777a 4500 |
| 003 - CONTROL NUMBER IDENTIFIER | |
| control field | AR-RoUNCS |
| 005 - DATE AND TIME OF LATEST TRANSACTION | |
| control field | 20260306082024.0 |
| 007 - PHYSICAL DESCRIPTION FIXED FIELD--GENERAL INFORMATION | |
| fixed length control field | ta |
| 008 - FIXED-LENGTH DATA ELEMENTS--GENERAL INFORMATION | |
| fixed length control field | 160919s2011 ag jr 001 f spa |
| 015 ## - NATIONAL BIBLIOGRAPHY NUMBER | |
| National bibliography number | AR-2011 |
| 020 ## - INTERNATIONAL STANDARD BOOK NUMBER | |
| International Standard Book Number | 978-987-642-111-9 |
| 040 ## - CATALOGING SOURCE | |
| Original cataloging agency | AR-BaBN |
| Language of cataloging | spa |
| Transcribing agency | AR-RoUNCS |
| Description conventions | aacr |
| 044 ## - COUNTRY OF PUBLISHING/PRODUCING ENTITY CODE | |
| MARC country code | ag |
| ISO country code | ar-c |
| 080 1# - UNIVERSAL DECIMAL CLASSIFICATION NUMBER | |
| Universal Decimal Classification number | 82-32(72) |
| Edition identifier | 2016 |
| 100 1# - MAIN ENTRY--PERSONAL NAME | |
| Personal name | García Esperón, María, |
| Dates associated with a name | 1964- |
| Relator term | autora |
| Relationship | aut |
| 245 10 - TITLE STATEMENT | |
| Title | Mi abuelo Moctezuma / |
| Statement of responsibility, etc. | María García Esperón. |
| 250 ## - EDITION STATEMENT | |
| Edition statement | 1a ed. |
| 260 ## - PUBLICATION, DISTRIBUTION, ETC. | |
| Place of publication, distribution, etc. | Buenos Aires : |
| Name of publisher, distributor, etc. | Edelvives, |
| Date of publication, distribution, etc. | 2011. |
| 300 ## - PHYSICAL DESCRIPTION | |
| Extent | 148 p. ; |
| Dimensions | 22 cm. |
| 490 0# - SERIES STATEMENT | |
| Series statement | Colección Alandar |
| Volume/sequential designation | 14 |
| 520 3# - SUMMARY, ETC. | |
| Summary, etc. | Isabel vive en la ciudad de México, está en 3º de Secundaria y no sabe qué es lo bueno de tener catorce años. Pero el día que el profesor de español encarga como trabajo escolar que cada alumno haga su propio árbol genealógico y revela ante sus compañeros que desciende del emperador azteca Moctezuma, es cuando empiezan sus verdaderos problemas. Todos se burlan de ella, excepto Francisco Corta, un chico español que resulta estar muy interesado en encontrar, ¡el códice perdido del emperador Moctezuma! |
| Assigning source | (Descripción del editor). |
| 650 #7 - SUBJECT ADDED ENTRY--TOPICAL TERM | |
| Source of heading or term | Literatura mexicana |
| Topical term or geographic name entry element | embne |
| 655 #7 - INDEX TERM--GENRE/FORM | |
| Genre/form data or focus term | Novelas juveniles |
| Source of term | embne |
| 655 #7 - INDEX TERM--GENRE/FORM | |
| Genre/form data or focus term | Novelas cortas |
| Source of term | embne |
| 942 ## - ADDED ENTRY ELEMENTS (KOHA) | |
| Source of classification or shelving scheme | Universal Decimal Classification |
| Koha item type | Obra General |
| Suppress in OPAC | No |
| Withdrawn status | Lost status | Source of classification or shelving scheme | Damaged status | Not for loan | Collection | Home library | Current library | Date acquired | Source of acquisition | Total checkouts | Full call number | Barcode | Date last seen | Price effective from | Koha item type |
|---|---|---|---|---|---|---|---|---|---|---|---|---|---|---|---|
| Universal Decimal Classification | Colección General | Biblioteca Escuela de Ciencias Sociales | Biblioteca Escuela de Ciencias Sociales | 04/09/2024 | Donación 2023 | 82-32(72) G216 | 000123 | 04/09/2024 | 04/09/2024 | Obra General |